Loading...
Cherukida vyavasaayikalkku oru sahaayi
| Main Author: | |
|---|---|
| Format: | Printed Book |
| Published: |
Kottayam, Current
1996
|
| LEADER | 004120000a22001330004500 | ||
|---|---|---|---|
| 040 | |a MAL | ||
| 082 | |a 338.642 32N6 | ||
| 100 | |a Varghese, C S | ||
| 245 | |a Cherukida vyavasaayikalkku oru sahaayi | ||
| 260 | |a Kottayam, Current | ||
| 260 | |c 1996 | ||
| 465 | |a R 30 | ||
| 999 | |c 23882 |d 23882 | ||
| 952 | |0 0 |1 0 |4 0 |6 338_642000000000000_32N6 |7 0 |8 MAL |9 23704 |a MGUL |b MGUL |d 2013-07-16 |e R 30 |l 0 |o 338.642 32N6 |p 27412 |r 2013-07-16 |w 2013-07-16 |y BK | ||